| 000 | 00385nam a2200133 4500 | ||
|---|---|---|---|
| 999 |
_c507643 _d507643 |
||
| 082 | _aL2x54 In2/v.4/pt.1 | ||
| 100 |
_aIndia. Ministry of Finance _92117 |
||
| 245 |
_aReport of the Taxation Enquiry Commission 1953-54 _cby Ministry of Finance |
||
| 260 |
_aDelhi _bManager of Publications _c1955 |
||
| 300 | _a323p. | ||
| 440 |
_vIV _92118 |
||
| 500 | _aVol. IV: Evidence | ||
| 942 | _2ddc | ||